Effectif Japon - Coupe du monde 2026 - Statistiques

Statistiques générales
  • Ce quiz a été pris 17 fois
  • Le résultat moyen est 14 sur 27
Statistiques - réponses
Poste Club Numéro Joueur % Correct
Défenseur Bayern Munich 21 Hiroki Ito
100%
Attaquant KRC Genk 14 Junya Ito
100%
Attaquant Real Sociedad 8 Takefusa Kubo
93%
Milieu FC Liverpool 6 Wataru Endo
93%
Milieu Crystal Palace 15 Daichi Kamada
87%
Attaquant Stade de Reims 13 Keito Nakamura
87%
Défenseur FC Copenhague 25 Junnosuke Suzuki
73%
Défenseur Ajax Amsterdam 22 Takehiro Tomiyasu
73%
Attaquant SC Fribourg 17 Yuito Suzuki
73%
Gardien Parma Calcio 1913 1 Zion Suzuki
73%
Milieu Leeds United 7 Ao Tanaka
67%
Attaquant Celtic Glasgow 11 Daizen Maeda
60%
Défenseur Ajax Amsterdam 4 Ko Itakura
60%
Attaquant Feyenoord Rotterdam 18 Ayase Ueda
53%
Attaquant Eintracht Francfort 10 Ritsu Doan
53%
Défenseur FC Tokyo 5 Yuto Nagatomo
53%
Défenseur Le Havre AC 20 Ayumu Seko
47%
Milieu 1.FSV Mainz 05 24 Kaishu Sano
40%
Défenseur Feyenoord Rotterdam 16 Tsuyoshi Watanabe
40%
Défenseur SV Werder Brême 2 Yukinari Sugawara
40%
Attaquant VfL Wolfsburg 26 Kento Shiogai
20%
Sélectionneur - - Hajime Moriyasu
13%
Attaquant K. Saint-Trond VV 9 Keisuke Goto
13%
Défenseur K. Saint-Trond VV 3 Shogo Taniguchi
13%
Gardien Sanfrecce Hiroshima 12 Keisuke Osako
7%
Attaquant NEC Nijmegen 19 Koki Ogawa
7%
Gardien Kashima Antlers 23 Tomoki Hayakawa
7%
Aucun quiz correspondant
Distribution des résultats
% des personnes avec chaque résultat
Percentile par nombre de réponses
Votre historique - résultats
Vous n’avez pas pris ce quiz